000 00892nmm a2200265 a 4500
001 ocm0001520662
003 TR-IsHL
005 20201028163252.0
008 170206s2016 tu tur
007 cr cn
020 _a9786055021429
035 _a1520662
_b(N$T)
050 0 4 _aKKX2935
_b.A43 2016
090 0 4 _aKKX2935
_b.A43 2016
100 1 _aAlbayrak, Ayfer
245 1 0 _aGörele mahkeme sicili: 1898 tarihli tescil-i vekalet defteri
_h[electronic resource] /
_cAyfer Albayrak
260 _aİstanbul :
_bArı Sanat Yayınevi,
_c2016
300 _a205 p.
650 4 _aHukuk
650 4 _aLaw
650 0 _aMahkeme Kayıtları
_xGörele(Giresun)
650 0 _aCourt Records
_xGörele(Giresun)
650 7 _aHISTORY / Middle East / Turkey & Ottoman Empire
_2bisacsh
856 4 0 _uhttp://search.ebscohost.com/login.aspx?direct=true&scope=site&db=e011xww&AN=1520662
999 _c15246
_d15246